| 000 | 00506nam a2200169 a 4500 | ||
|---|---|---|---|
| 001 | 2362 | ||
| 003 | CO-ViMGA | ||
| 008 | 141112s2004 ck r 000 u spa d | ||
| 040 |
_aCO-ViMGA _bspa _cCO-ViMGA |
||
| 082 | 0 | 4 | _a658.3 V155 |
| 100 | 1 |
_aValle cabrera, Ramon _951207 |
|
| 245 | 1 | 0 | _aLa gestión estrategica de los recursos humanos (NO ESTA DISPONIBLE) |
| 260 |
_aWilmington : _bAddison - Wesley, _c1995 |
||
| 300 | _a202 p : il | ||
| 650 | 1 | 4 |
_aADMINISTRACION - RECURSOS HUMANOS _951208 |
| 942 |
_2ddc _cBK |
||
| 999 |
_c14461 _d14461 |
||